Statistics for General Knowledge Quiz #49

Click here to take the quiz!

General Stats

  • This quiz has been taken 136,839 times
    (29,519 since last reset)
  • The average score is 13 of 20

Answer Stats

QuestionAnswer% Correct
In what country would you find the headquarters of Ferrari?Italy
96%
What did Robert Oppenheimer help create, leading him to say
"I am become Death, the destroyer of worlds"?
Atomic bomb
85%
What type of bird is often depicted with an olive branch in its beak?Dove
85%
What small country is famous for producing champion sprinters?Jamaica
84%
What movie featured characters code-named "Iceman", "Goose", and "Maverick"?Top Gun
81%
Who is Batman's alter-ego?Bruce Wayne
80%
What language does the word "Shalom" come from?Hebrew
79%
What Taiwanese drink is made of sweetened tea and chewy tapioca balls?{Bubble} tea
75%
What M word refers to the meat of a sheep that is more than two years old?Mutton
70%
Young ones are known as kits, females are vixens, and a group is a skulk. What are they?Foxes
66%
What's something that most adults in history have done, but that Queen Elizabeth I and
Isaac Newton supposedly never did?
Have sex
66%
Who was the lead actress in the movie "Titanic"?Kate Winslet
63%
How many nanoseconds are in a minute?60 Billion
61%
Who lives in the Apostolic Palace?The Pope
61%
What is the most famous fountain in Rome?Trevi Fountain
56%
What is either a type of bird or a chain of islands off the coast of Africa?Canary
53%
Who was born in Funchal, Portugal on February 5th, 1985?Cristiano Ronaldo
53%
What world leader introduced Glasnost and Perestroika?Mikhail Gorbachev
49%
What city's Grand Bazaar is visited by at least 250,000 on an average day?Istanbul
43%
Which Madonna song mentions Grace Kelly, Joe Dimaggio, and Rita Hayworth?Vogue
35%

Score Distribution

Percentile by Number Answered

Percent of People with Each Score

Your Score History

You have not taken this quiz since the last reset